| 000 | 00521nam a2200169 i 4500 | ||
|---|---|---|---|
| 001 | 96850 | ||
| 003 | ES-MaACL | ||
| 005 | 20230906182004.0 | ||
| 007 | t| | ||
| 008 | 050701s1972 sp ||||1| spa d | ||
| 100 | 1 |
_aMandl, Matew. _975957 |
|
| 245 | 1 | 0 |
_aCircuitos electrónicos de conmutación / _cMatew Mandl; traducido por Luis Pelèz Martínez. |
| 260 |
_aBarcelona : _bMarcombo, _c1972. |
||
| 300 |
_a253 p. : _bil. ; _c22 cm. |
||
| 700 | 1 |
_aPeláez Martínez, Luis. _9130960 |
|
| 852 |
_aES-MaACL _jC-43371 _bR.83214 |
||
| 999 |
_c96850 _d96850 |
||